How to use Lotus Notes 6 / (Record no. 77419)
[ view plain ]
| 000 -LEADER | |
|---|---|
| fixed length control field | 01005nam a2200325 a 4500 |
| 001 - CONTROL NUMBER | |
| control field | 77419 |
| 003 - CONTROL NUMBER IDENTIFIER | |
| rucl marc code | BD-RjUL |
| 005 - DATE AND TIME OF LATEST TRANSACTION | |
| control field | 20211209082953.0 |
| 008 - FIXED-LENGTH DATA ELEMENTS--GENERAL INFORMATION | |
| fixed length control field | 200907s2003 inua 001 0 eng d |
| 020 ## - INTERNATIONAL STANDARD BOOK NUMBER | |
| International Standard Book Number | 078972796X |
| 035 ## - SYSTEM CONTROL NUMBER | |
| System control number | (DLC) 2002117342 |
| 040 ## - CATALOGING SOURCE | |
| Original cataloging agency | DLC |
| Transcribing agency | DLC |
| Modifying agency | DLC |
| -- | BD-RjUL |
| Language of cataloging | eng |
| 041 ## - LANGUAGE CODE | |
| Language code of text/sound track or separate title | eng |
| 042 ## - AUTHENTICATION CODE | |
| Authentication code | pcc |
| 082 00 - DEWEY DECIMAL CLASSIFICATION NUMBER | |
| Classification number | 005.369 |
| Edition number | 21 |
| Author mark and year | BOH 2003 |
| 100 1# - MAIN ENTRY--PERSONAL NAME | |
| Personal name | Burke, Dorothy. |
| 9 (RLIN) | 241313 |
| 245 10 - TITLE STATEMENT | |
| Title | How to use Lotus Notes 6 / |
| Statement of responsibility, etc. | Dorothy Burke. |
| 260 ## - PUBLICATION, DISTRIBUTION, ETC. (IMPRINT) | |
| Place of publication, distribution, etc. | Indianapolis, IN : |
| Name of publisher, distributor, etc. | Que Pub., |
| Date of publication, distribution, etc. | 2003. |
| 300 ## - PHYSICAL DESCRIPTION | |
| Pagination | 258 p. : |
| Illustrations | col. ill. ; |
| Size | 26 cm. |
| 500 ## - GENERAL NOTE | |
| General note | "Your complete step-by-step solution"--Cover. |
| General note | "In full color"--Cover. |
| General note | Includes index. |
| 650 #0 - SUBJECT ADDED ENTRY--TOPICAL TERM | |
| Topical term or geographic name as entry element | Business |
| General subdivision | Computer programs. |
| 9 (RLIN) | 241314 |
| Topical term or geographic name as entry element | Groupware (Computer software) |
| 9 (RLIN) | 241315 |
| Topical term or geographic name as entry element | Database management |
| General subdivision | Computer programs. |
| 9 (RLIN) | 241316 |
| Topical term or geographic name as entry element | Electronic mail systems. |
| 9 (RLIN) | 241317 |
| 942 ## - ADDED ENTRY ELEMENTS (KOHA) | |
| Source of classification or shelving scheme | Dewey Decimal Classification |
| Koha item type | Books |
| Lost status | Source of classification or shelving scheme | Damaged status | Not for loan | Permanent Location | Current Location | Shelving location | Date acquired | Source of acquisition | Cost, normal purchase price | Total Checkouts | Full call number | Date last seen | Copy number | Koha item type |
|---|---|---|---|---|---|---|---|---|---|---|---|---|---|---|
| Dewey Decimal Classification | Not For Loan | Central Library, University of Rajshahi | Central Library, University of Rajshahi | Reading Room | 20/02/2020 | American Center Library, Dhaka | 46.99 | 005.369 BOH 2003 | 07/09/2020 | C-1 | Books |